| 000 | 00641nam a22002177a 4500 | ||
|---|---|---|---|
| 999 |
_c12553 _d12553 |
||
| 003 | AR-CdUCM | ||
| 008 | 190409b ||||| |||| 00| 0 eng d | ||
| 040 |
_aMUNICIPALIDAD PROVINCIAL DEL CUSCO _cBIBLIOTECA MUNICIPAL DEL CUSCO |
||
| 082 |
_aC / 901 / _bB18 |
||
| 100 |
_aBallesteros Gaibrois, Manuel _917404 |
||
| 245 | _aSencilla historia de chinchero /8 | ||
| 260 |
_aCusco : _c1942. |
||
| 300 | _c19 cm | ||
| 500 | _aLibro sin numeración | ||
| 505 | _aContenido :Historia de Chinchero / | ||
| 650 |
_aHistoria _9136 |
||
| 650 |
_aCusco _9772 |
||
| 650 |
_aChinchero _930431 |
||
| 942 |
_2ddc _cLIBROS |
||
| 945 |
_arjall _d2019-04-09 |
||